Responses for Show #4833 - Wednesday, September 21, 2005

Contestants

[<< previous game]

Carol Hager, a high school librarian from Peoria, Arizona

Mike Leger, an air quality consultant from Bridgewater, New Jersey

Ray Freson, a retired advertising executive from Arlington, Virginia (whose 1-day cash winnings total $14,200)

[next game >>]

Jeopardy! Round responses

ATTORNEYS GENERAL
THE WORLD SERIES
STATE THE ITEM
PALINDROMIC WORDS
BORN
THE DARWIN AWARDS
    $200 28
(Mike: [Laughing] Not my category.)

Washington

Mike
    $200 21
The Bambino (The Babe accepted)

Carol
    $200 5
the Texas Two-Step

Carol
    $200 10
kayak

Mike
    $200 16
Chiang Kai-shek

Carol
    $200 1
(Carol: What is his ID?)
(Ray: He forgot his change? What is he forgot his change?)

the $20 he had put in

RayCarol
Triple Stumper
    $400 26
(Alex: You look at the years, you might want to go for [*].)

Theodore Roosevelt

Triple Stumper
    $400 22
Willie Mays

Carol
    $400 6
California condors

Mike
    $400 11
dud

Mike
    $1,000 17
Neville Chamberlain

Carol
    $400 2
a blowtorch

Ray
    $600 27
(Carol: Who was Grover Cleveland?)

Warren G. Harding

Carol
Triple Stumper
    $600 23
(Alex: He was a tough one, too.)

Bob Gibson

Triple Stumper
    $600 7
a Rhode Island red

Ray
    $600 12
(Carol: What's iman?)
...
(Alex: Remember, palindromic words. Same frontwards, backwards.)

aga

MikeCarol
    $600 18
(Mike: Who's Khrushchev?)

(Leonid) Brezhnev

RayMike
    $600 3
(Carol: What is Rhode Island?)
(Mike: What is New Hampshire?)

Connecticut

MikeCarol
Triple Stumper
    $800 29
[The end-of-round signal sounds.]

Andrew Jackson

Triple Stumper
    $800 24
Reggie Jackson

Carol
    $800 8
the "Tennessee Waltz"

Ray
    $800 13
rotator

Ray
    $800 19
Amundsen

Carol
    $800 4
methane

Mike
    $1000 25
Yogi Berra

Ray
    $1000 9
(Carol: What is slavery?)
...
(Alex: Remeber, this is STATE THE ITEM.)

the Missouri Compromise

Carol
Triple Stumper
    $1000 14
Gog

Triple Stumper
    $1000 20
(Marcel) Duchamp

Carol
    $1000 15
Portugal

Mike

Scores at the first commercial break (after clue 14):

Ray Mike Carol
$2,400 $1,800 -$2,200

Scores at the end of the Jeopardy! Round:

Ray Mike Carol
$4,000 $2,400 $1,600

Double Jeopardy! Round responses

HEALTH & MEDICINE
MOVIES BY CHARACTERS
SHAKESPEARE'S WOMEN
THE NAKED TRUTH
MOUNTAINS
"K" RATIONS
    $400 2
the retina

Mike
    $400 3
Men in Black

Mike
    $400 1
Juliet

Ray
    $400 25
Tim Allen

Carol
    $400 21
Mount Everest

Carol
    $400 16
the Kentucky Derby

Mike
    $800 5
a thyroid

Carol
    $800 4
Animal House

Carol
    $800 12
Desdemona

Carol
    $800 30
(Alex: [*] is right. David Niven hosting at that time.)

the Oscars

Mike
    $800 22
the Aztecs

Triple Stumper
    $800 17
kung fu

Carol
    $1200 6
an aneurysm

Ray
    $1200 8
The Longest Yard

Mike
    $1200 13
Goneril & Regan

Carol
    $1200 29
fig leaves

Mike
    $2,600 23
(Alex: [*] in Japan, yes.)

Mount Fuji

Carol
    $1200 18
Kyoto

Mike
    $1600 7
transdermal

Mike
    $1600 9
Blazing Saddles

Mike
    $1600 14
Mistress Quickly

Ray
    $1600 27
Annie Leibovitz

Mike
    $1600 24
(Ray: What is the Northwest Territory?)

the Yukon Territory

RayMike
    $1600 19
Kierkegaard

Ray
    $2000 11
scoliosis

Carol
    $2000 10
Field of Dreams

Carol
    $2000 15
Bianca

Carol
    $2000 28
Alba

Triple Stumper
    $2000 26
Mount Kenya

Ray
    $2000 20
Kells

Mike

Scores at the end of the Double Jeopardy! Round:

Ray Mike Carol
$9,200 $16,400 $15,400

[wagering suggestions for these scores]

Final Jeopardy! Round responses

NOVELISTS
(Alex: And the county in which he was raised became the model for a famous county he wrote about.)
...
(Alex: [To Ray] You are correct. Yoknapatawpha County is the one he wrote about.)
RayWho is Faulkner?
$9,000
CarolWho is Faulkner?
$5,674
MikeWho is Faulkner?
$14,401
William Faulkner

Final scores:

Ray Mike Carol
$18,200 $30,801 $21,074
3rd place: $1,000 New champion: $30,801 2nd place: $2,000

Game dynamics:

Coryat scores:

Ray Mike Carol
$9,200 $16,400 $13,400
11 R,
2 W
19 R,
2 W
19 R
(including 3 DDs),
5 W

Combined Coryat: $39,000

[game clues] [game scores] [suggest correction]

Game tape date: 2005-07-21
The J! Archive is created by fans, for fans. Scraping, republication, monetization, and malicious use prohibited; this site may use cookies and collect identifying information. See terms. The Jeopardy! game show and all elements thereof, including but not limited to copyright and trademark thereto, are the property of Jeopardy Productions, Inc. and are protected under law. This website is not affiliated with, sponsored by, or operated by Jeopardy Productions, Inc. Join the discussion at JBoard.tv.